Tài liệu bồi dưỡng cán bộ quản lí trường trung học phổ thông Quyển 2
Quản lí hoạt động dạy học trong trường trung học phổ thông; Quản lí hoạt động giáo dục trong trường trung học phổ thông; Quản lí nhân sự trong trường trung học phổ thông...
Tallennettuna:
| Yhteisötekijät: | , |
|---|---|
| Aineistotyyppi: | Kirja |
| Kieli: | Vietnamese |
| Julkaistu: |
Hà Nội
Đại học Sư phạm Hà Nội
2014
|
| Sarja: | Sách dự án phát triển giáo viên THPT và TCCN
|
| Aiheet: | |
| Tagit: |
Lisää tagi
Ei tageja, Lisää ensimmäinen tagi!
|
| Thư viện lưu trữ: | Mạng thư viện Đại học Đà Nẵng |
|---|
| LEADER | 02410nam a2200409 4500 | ||
|---|---|---|---|
| 001 | 000018992 | ||
| 003 | 15427 | ||
| 005 | 20140225160249.0 | ||
| 008 | 140225s2014 viesd | ||
| 041 | 0 | |a vie | |
| 082 | 1 | 4 | |a 373.1201 |b BÔG |
| 110 | 1 | |a Bộ Giáo dục và đào tạo | |
| 245 | 1 | 0 | |a Tài liệu bồi dưỡng cán bộ quản lí trường trung học phổ thông |c Bộ Giáo dục và đào tạo, Ngân hàng phát triển Châu Á |n Quyển 2 |
| 246 | 3 | |a Tài liệu bồi dưỡng cán bộ quản lý trường trung học phổ thông | |
| 260 | |a Hà Nội |b Đại học Sư phạm Hà Nội |c 2014 | ||
| 300 | |a 247 tr. |c 27 cm. | ||
| 490 | |a Sách dự án phát triển giáo viên THPT và TCCN | ||
| 500 | |a Sách dự án phát triển giáo viên THPT và TCCN - Học viện quản lý giáo dục | ||
| 520 | 3 | |a Quản lí hoạt động dạy học trong trường trung học phổ thông; Quản lí hoạt động giáo dục trong trường trung học phổ thông; Quản lí nhân sự trong trường trung học phổ thông... | |
| 650 | 0 | 4 | |a Giáo dục trung học |x Cán bộ quản lý |
| 653 | |a Tài liệu bồi dưỡng | ||
| 653 | |a Cán bộ quản lí | ||
| 653 | |a Trường trung học phổ thông | ||
| 710 | 1 | |a Ngân hàng phát triển châu Á | |
| 773 | |d Đại học Sư phạm Hà Nội |d Hà Nội |d 2014 |n Sách dự án phát triển giáo viên THPT và TCCN - Học viện quản lý giáo dục |t Tài liệu bồi dưỡng cán bộ quản lí trường trung học phổ thông |w 15427 | ||
| 774 | |d Hà Nội |d Đại học Sư phạm Hà Nội |d 2014 |g Quyển 1 |h 231 tr. |n Sách dự án phát triển giáo viên THPT và TCCN - Học viện quản lý giáo dục |w 15426 | ||
| 774 | |d Hà Nội |d Đại học Sư phạm Hà Nội |d 2014 |g Quyển 2 |h 247 tr. |n Sách dự án phát triển giáo viên THPT và TCCN - Học viện quản lý giáo dục |w 15427 | ||
| OWN | |a LSP | ||
| AVA | |a UDN50 |b LSP |d 373.1201 BÔG |e available |t Error 5001 Not defined in file expand_doc_bib_avail. |f 2 |g 0 |h N |i 1 |k 1 | ||
| 999 | |a From the UDN01 | ||
| AVA | |a UDN50 |b LSP |d 373.1201 BÔG |e available |t Error 5001 Not defined in file expand_doc_bib_avail. |f 2 |g 0 |h N |i 1 |k 1 | ||
| TYP | |a Monograph | ||
| TYP | |a Printed language | ||
| 980 | |a Mạng thư viện Đại học Đà Nẵng | ||